000 00273nam a22001217a 4500
008 181126b xxu||||| |||| 00| 0 eng d
041 _aeng
080 _a821
100 _a23
101 _aGJU
245 _aThe Later Renaissance In England
_cBaker.p
942 _2udc
_cBK
999 _c52496
_d52496